000 00988cam a22002531i 4500
003 SA-RiAUC
005 20250510170557.0
008 250510s2005 le f 00000 ara c
020 _a9953812039
040 _aSD-KhSNL
_bara
_cSA-RiAUC
_erda
082 0 4 _a251.072
_qSA-RiAUC
090 _a251.072
_bخ ر ا
100 1 _aخرابشة، عبد الرؤوف مفضي
_eمؤلف.
245 1 0 _aمناهج البحث عند علماء أصول الفقه :
_bدراسة في ضوء المناهج التربوية /
_cعبد الرؤوف مفضي خرابشة.
250 _aالطبعة الأولى.
264 1 _aبيروت :
_bدار ابن حزم،
_c2005
300 _a172 صفحة ؛
_c24 سم
336 _aنص
_btxt
_2rdacontent
_3كتاب
337 _aبدون وسيط
_bn
_2rdamedia
338 _aمجلد
_bnc
_2rdacarrier
650 7 _aأصول الفقه الإسلامي
_xمناهج بحث
_2aucsh
942 _2ddc
_cBOOK
_n0
949 _aSA-JeALM
_d250510
_umohamedma123
_n1
999 _c7776
_d7776